00542nam a2200193 a 450000100060000000300090000600800410001502000150005604000280007108200160009910000230011524500810013826000280021930000110024749000180025865000310027665000220030765000190032918977CO-ViMGA141112s2004 ck r 000 u spa d a8427714033 aCO-ViMGAbspacCO-ViMGA04a361.3 T738h1 aTrevithick, Pamela10aHabilidades de Comunicación en Intervención Social : bManual práctico aMadrid : bNarcea; 2002 a308 p. asociocultural14aCOMUNICACION INTERPERSONAL14aPSICOLOGIA SOCIAL14aTRABAJO SOCIAL